Výsledky zahraničného obchodu potvrdili pozitívny trend
Východiská pre posudzovanie úrovne zahraničného obchodu. Rozhodujúce faktory, ktoré majú vplyv na pretrvávajúcu deficitnosť. Zmena výrobno-vývoznej štruktúry slovenskej ekonomiky smerom k vyššej finalite. Podiel obchodu s agroproduktmi v zahraničnom obchode klesá. Prehľad zahraničného obchodu za obd...
Enregistré dans:
| Auteur principal: | |
|---|---|
| Format: | Chapitre de livre |
| Langue: | slovaque |
| Sujets: | |
| Tags: |
Pas de tags, Soyez le premier à ajouter un tag!
|
MARC
| LEADER | 00000naa$a2200000$$$4500 | ||
|---|---|---|---|
| 001 | 0002383 | ||
| 005 | 20230925124041.3 | ||
| 041 | 0 | |a slo | |
| 044 | |a SK | ||
| 245 | 1 | 0 | |a Výsledky zahraničného obchodu potvrdili pozitívny trend |c aut. Štefan Burda |
| 520 | |a Východiská pre posudzovanie úrovne zahraničného obchodu. Rozhodujúce faktory, ktoré majú vplyv na pretrvávajúcu deficitnosť. Zmena výrobno-vývoznej štruktúry slovenskej ekonomiky smerom k vyššej finalite. Podiel obchodu s agroproduktmi v zahraničnom obchode klesá. Prehľad zahraničného obchodu za obdobie január-august 2003 v sektore surovinovo-energetických zdrojov. Kurzové a menové vplyvy na zahraničnoobchodnú bilanciu, štruktúra vývozu a dovozu, komoditná a teritoriálna štruktúra. Slovensko a nová zahraničnoobchodná stratégia v podmienkach EÚ. | ||
| 610 | 2 | 0 | |a obchod zahraničný |
| 610 | 2 | 0 | |a bilancia obchodná |
| 610 | 2 | 0 | |a dovoz |
| 610 | 2 | 0 | |a vývoz |
| 610 | 2 | 0 | |a politika priemyselná |
| 610 | 2 | 0 | |a komodity |
| 610 | 2 | 0 | |a prognózy |
| 610 | 2 | 0 | |a Slovensko |
| 610 | 2 | 0 | |a Európska únia |
| 100 | 1 | |a Burda, Štefan | |